000 00661nam a2200277Ia 4500
008 180313s9999 xx 000 0 und d
020 _a9781442442313
050 _bFIC L987 2005
100 _aLynch, Chris
245 _aInexcusable /
245 _cby Chris Lynch /
260 _aNew York, New York :
260 _bScholastic Inc.,
260 _c2005
300 _a165 pages :
300 _billustrations ;
300 _c21cm.
650 _aFiction.
650 _aFiction.
650 _aFiction.
650 _aNational book award finalist.
650 _xHigh school --
650 _xRape --
650 _xSchools --
700 _aTitle.
999 _c356253
_d356253